Բարբարոսներին սպասելիս : (Record no. 528252)
[ view plain ]
| 000 -LEADER | |
|---|---|
| fixed length control field | 01047nam a2200265 a 4500 |
| 001 - CONTROL NUMBER | |
| control field | 1764279 |
| 003 - CONTROL NUMBER IDENTIFIER | |
| control field | AM-YEHGA |
| 005 - DATE AND TIME OF LATEST TRANSACTION | |
| control field | 20250617164711.0 |
| 008 - FIXED-LENGTH DATA ELEMENTS--GENERAL INFORMATION | |
| fixed length control field | 210331s2021 ai a|||gr|||||||||1|arm|d |
| 020 ## - INTERNATIONAL STANDARD BOOK NUMBER | |
| International Standard Book Number | 9789939765587 |
| 040 ## - CATALOGING SOURCE | |
| Original cataloging agency | AM-YeHGA |
| 041 1# - LANGUAGE CODE | |
| Language code of text/sound track or separate title | arm |
| Language code of original | eng |
| 090 ## - LOCALLY ASSIGNED LC-TYPE CALL NUMBER (OCLC); LOCAL CALL NUMBER (RLIN) | |
| -- | 566443 |
| 100 1# - MAIN ENTRY--PERSONAL NAME | |
| Personal name | Քութզի, Ջոն Մաքսվելլ |
| Dates associated with a name | 1940- |
| 245 10 - TITLE STATEMENT | |
| Title | Բարբարոսներին սպասելիս : |
| Remainder of title | [Վեպ] / |
| Statement of responsibility, etc. | Ջ. Մ. Քութզի ; Անգլերենից թարգմ.` Լ. Զիլֆուղարյան ; Խմբ.` Լ. Դալլաքյան. |
| 246 15 - VARYING FORM OF TITLE | |
| Title proper/short title | Waiting for the Barbarians. |
| 260 ## - PUBLICATION, DISTRIBUTION, ETC. | |
| Place of publication, distribution, etc. | Երևան : |
| Name of publisher, distributor, etc. | Անտարես, |
| Date of publication, distribution, etc. | 2021. |
| 300 ## - PHYSICAL DESCRIPTION | |
| Extent | 205 էջ : |
| Other physical details | դիմանկ.; |
| Dimensions | 21 սմ. |
| 490 0# - SERIES STATEMENT | |
| Series statement | Նոբելյան մրցանակակիրներ |
| 650 14 - SUBJECT ADDED ENTRY--TOPICAL TERM | |
| Topical term or geographic name entry element | Հարավաֆրիկյան արձակ |
| 650 14 - SUBJECT ADDED ENTRY--TOPICAL TERM | |
| Topical term or geographic name entry element | Հարավաֆրիկյան գրականություն |
| General subdivision | Վեպ |
| 700 1# - ADDED ENTRY--PERSONAL NAME | |
| Personal name | Զիլֆուղարյան, Լեոնիդ |
| Relator term | թարգմ. |
| Relationship | trl |
| 700 1# - ADDED ENTRY--PERSONAL NAME | |
| Personal name | Դալլաքյան, Լեռնիկ |
| Relator term | խմբ. |
| Relationship | edt |
| 942 ## - ADDED ENTRY ELEMENTS (KOHA) | |
| Source of classification or shelving scheme | Universal Decimal Classification |
| Koha item type | Գրքեր / Books |
| Withdrawn status | Lost status | Source of classification or shelving scheme | Damaged status | Not for loan | Collection | Home library | Current library | Date acquired | Total checkouts | Full call number | Barcode | Date last seen | Price effective from | Koha item type | Public note |
|---|---|---|---|---|---|---|---|---|---|---|---|---|---|---|---|
| Universal Decimal Classification | General | Fundamental Scientific Library | Fundamental Scientific Library | 21/07/2023 | AII/110547 | FL0672619 | 21/07/2023 | 21/07/2023 | Գրքեր / Books | 30 Days Loan |
ՀՀ Գիտությունների ազգային ակադեմիայի հիմնարար գիտական գրադարան = Fundamental Scientific Library of NAS RA
All site content, except where otherwise noted, is licensed under a